000 01495cam a22003737a 4500
003 CHAP
005 20220817043602.0
008 000106 1988 mx r 00010 spa d
010 _a79131
011 _a80103
035 _a90545
040 _cCHAP
090 _aFolleto 15763
100 0 0 _aBéjar Navarro, Raúl.
_913366
245 0 _aSobre la identidad y el carácter nacionales :
_bun progrma de investigación a mediano plazo
_c/por Raúl Béjar Navarro y Héctor M: Cappello
260 _aCuernavaca, Mor. :
_bUniversidad Nacional Autónoma de México. Centro Regional de Investigaciones Multidisciplinarias,
_c1988.
300 _a26 p.
410 1 _aUniversidad Nacional Autónoma de México. Centro Regional de Investigaciones Multidisciplinarias
490 0 _aAportes de Investigación
_v; 1
590 _aBATCH-UPD
_b10
_c20130110
_lUCH01
_h0353
590 _aBATCH-UPD
_b10
_c20130110
_lUCH01
_h2104
590 _aBATCH-UPD
_b10
_c20130410
_lUCH01
_h0026
590 _aBATCH-UPD
_b10
_c20130914
_lUCH01
_h0648
590 _aCONVERSION
_b10
_c20130109
_lUCH01
_h1344
650 1 4 _aIdentidad.
_957290
650 1 4 _aNacionalismo.
_980006
700 0 _aCappello M., Héctor Manuel.
_918728
810 1 _aUniversidad Nacional Autónoma de México. Centro Regional de Investigaciones Multidisciplinarias
830 0 _aAportes de Investigacion
_v; 1
_96332
901 _aBK
905 _aBlanca M. García O.
942 _cFOLL
949 _aFolleto 15763
_bBC
_cFOLL
_d905451
_eTS1
_i90545
_sb
999 _c79131
_d79131